000 00566nam a2200241Ia 4500
005 20250425161754.0
008 250425s9999 xx 000 0 und d
020 _a968422592X
041 _aspa
082 _a629.8044
100 _aHOSTETTER, GENE H.
245 0 _aSISTEMAS DE CONTROL
250 _a1A ED.
260 _aMEXICO
260 _aMéxico
_bMCGRAW HILL
_c1990
300 _a584
650 _aCONTROL DIGITAL
650 _aSISTEMAS DE CONTROL
700 _aSAVANT, C. J.
700 _aSTEFANI, RAYMOND T.
942 _c01
010 _a28351
999 _c215796
_d215796